Practice in the conditional
Guardat en:
| Autor principal: | |
|---|---|
| Format: | Llibre |
| Idioma: | anglès |
| Publicat: |
Londres
Hodder and Stoughton
1978
|
| Edició: | 1a. ed |
| Matèries: | |
| Etiquetes: |
Afegir etiqueta
Sense etiquetes, Sigues el primer a etiquetar aquest registre!
|
MARC
| LEADER | 00000nam a2200000 a 4500 | ||
|---|---|---|---|
| 001 | UCK0746 | ||
| 003 | CL-VaPUC | ||
| 008 | 041022e19780000UK |||||||||||||||||eng|d | ||
| 020 | |a 0340226048 | ||
| 082 | 0 | 4 | |a 428 |b BER |2 21 |
| 100 | 0 | |a Berman, Michael |e author |9 488615 | |
| 245 | 1 | 0 | |a Practice in the conditional |
| 250 | |a 1a. ed | ||
| 300 | |a 80 p | ||
| 942 | |c BK | ||
| 945 | |d 20041022 00:00:00 |a vberengu | ||
| 260 | |a Londres |b Hodder and Stoughton |c 1978 | ||
| 650 | 0 | |a Lengua inglesa |9 318842 | |
| 650 | 0 | |a Enseñanza del inglés |9 367340 | |
| 650 | 0 | |a Libros de texto |9 270019 | |
| 650 | 0 | |a Educación lingüística |9 306506 | |
| 583 | |a last modification |c 20041022 00:00:00 |k Rodrigo Vera | ||
| 999 | |c 311018 |d 311016 | ||
| 952 | |0 0 |1 0 |4 0 |6 428_000000000000000_BER_1978 |7 0 |8 A |9 380195 |a BIBEDU |b BIBEDU |d 2019-11-21 |i 4067541 |o 428 BER 1978 |p 4067541 |r 2019-11-21 |w 2019-11-21 |y BK |k LIT | ||
| 952 | |0 0 |1 0 |4 0 |6 428_000000000000000_BER_1978 |7 0 |8 A |9 380196 |a BIBEDU |b BIBEDU |d 2019-11-21 |i 4067568 |o 428 BER 1978 |p 4067568 |r 2019-11-21 |w 2019-11-21 |y BK |k LIT | ||
| 952 | |0 0 |1 0 |4 0 |6 428_000000000000000_BER_1978 |7 0 |8 A |9 380197 |a BIBEDU |b BIBEDU |d 2019-11-21 |i 406755K |o 428 BER 1978 |p 406755K |r 2019-11-21 |w 2019-11-21 |y BK |k LIT | ||